000 00731nam a2200277Ia 4500
005 20260320195749.0
008 008 262003s9999 xx 000 0 hin d
020 _a9789389598056
037 _aEBOOK
040 _aCRL
040 _bhin
040 _cCRL
041 _2hin
041 _ahin
084 _qCRL
100 _aचंद्रकांता, सं. सुंदरम शांडिल्य
_91133046
245 0 _aPratinidhi Kahaniyan (Chandrakanta)
250 _a2nd
260 _bRajkamal
260 _c2020
300 _a160
856 _uhttps://ebook.indiaread.in/pdfs/512_pratinidhi_kahaniyan_of_chandrakanta_hb.pdf
942 _cEBOOK
999 _c1716365
_d1716365